header

Norsk (Record no. 95315)

MARC details
000 -LEADER
fixed length control field 01328nam a2200325 a 4500
100 1# - MAIN ENTRY--AUTHOR NAME
Personal name Stokker, Kathleen,
245 10 - TITLE STATEMENT
Title Norsk
260 ## - PUBLICATION, DISTRIBUTION, ETC. (IMPRINT)
Place of publication Madison, Wis. :
Name of publisher University of Wisconsin Press,
Year of publication 1981.
300 ## - PHYSICAL DESCRIPTION
Number of Pages vii, 256 p. :
Other physical details ill.
500 ## - GENERAL NOTE
General note Teacher's manual to accompany: Norsk : nordmenn og Norge by Kathleen Stokker and Odd Haddal.
General note English and Norwegian.
650 #0 - SUBJECT ADDED ENTRY--TOPICAL TERM
Topical Term Norwegian language
700 1# - ADDED ENTRY--PERSONAL NAME
Personal name Haddal, Odd.
856 40 - ELECTRONIC LOCATION AND ACCESS
Uniform Resource Identifier http://site.ebrary.com/lib/rucke/Doc?id=10397772

No items available.

© 2026 Rongo University
Contact us: librarian | system librarian | Rongo university